[Event "Arak op (Women) 15th"]
[Site "Arak"]
[Date "2012.07.14"]
[Round "3"]
[White "Tajik, Sareh"]
[Black "Rostamian, Saba"]
[Result "1-0"]
[WhiteElo "1942"]
[BlackElo "1729"]
[PlyCount "111"]
[EventDate "2012.07.13"]
[EventType "swiss"]
[EventRounds "11"]
[EventCountry "IRI"]
[SourceTitle "CBM 149 Extra"]
[Source "ChessBase"]
[SourceDate "2012.08.24"]
[SourceVersion "1"]
[SourceVersionDate "2012.08.24"]
[SourceQuality "1"]

1. c4 e6 2. d4 d5 3. Nc3 Be7 4. Nf3 Nf6 5. Bg5 Nbd7 6. e3 0-0 7. Qc2 Re8 8. cxd5 exd5 9. Bd3 c6 10. 0-0 Nf8 11. Rab1 g6 12. b4 Ne6 13. Bh4 Ng7 14. b5 Bf5 15. bxc6 bxc6 16. Ne5 Bxd3 17. Qxd3 Qd6 18. Qa6 Nf5 19. Bxf6 Bxf6 20. Nd3 Bd8 21. Na4 Bc7 22. g3 Re4 23. Ne5 Qf8 24. Nc5 Rxe5 25. Nd7 Qe7 26. Nxe5 Bxe5 27. Qxc6 Re8 28. dxe5 Qxe5 29. Qc5 d4 30. Qxe5 Rxe5 31. exd4 Nxd4 32. Rb4 Ne2+ 33. Kg2 Ra5 34. a4 Nc3 35. Ra1 Kg7 36. Rc4 Nd5 37. Kf3 Nb6 38. Re4 Kf6 39. Rb4 Ke6 40. Rb5 Rxb5 41. axb5 Nc8 42. Ra6+ Kd7 43. Ke3 Kc7 44. Kd4 Kd7 45. Kc5 h6 46. f4 h5 47. h3 Kd8 48. g4 hxg4 49. hxg4 Kd7 50. f5 gxf5 51. gxf5 Kd8 52. f6 Kd7 53. Rc6 Kd8 54. Rxc8+ Kxc8 55. Kc6 Kb8 56. Kd7 1-0